Online Catalogue and eLibrary

Deshapalanaye Paula ha Kulaya (Record no. 5754)

MARC details
000 -LEADER
fixed length control field 00425nam a2200181Ia 4500
005 - DATE AND TIME OF LATEST TRANSACTION
control field 20250620020641.0
008 - FIXED-LENGTH DATA ELEMENTS--GENERAL INFORMATION
fixed length control field 240331s9999 xx 000 0 und d
020 ## - INTERNATIONAL STANDARD BOOK NUMBER
ISBN 9789551468583
082 ## - DDC Classification
Class No. 323
Item Number - Author Mark IVA
100 ## - MAIN ENTRY--PERSONAL NAME
Personal name Ivan, V
245 #0 - TITLE STATEMENT
Title Deshapalanaye Paula ha Kulaya
260 ## - PUBLICATION, DISTRIBUTION, ETC.
Place of publication, distribution, etc. Maharagama
Name of publisher, distributor, etc. Ravaya publishers
Date of publication, distribution, etc. 2011
300 ## - PHYSICAL DESCRIPTION
Extent (e.g. Volumes, Pages etc.) 200 p .,
650 ## - SUBJECT ADDED ENTRY--TOPICAL TERM
Topical term or geographic name entry element Family
650 ## - SUBJECT ADDED ENTRY--TOPICAL TERM
Topical term or geographic name entry element Caste
650 ## - SUBJECT ADDED ENTRY--TOPICAL TERM
Topical term or geographic name entry element Politics
942 ## - Koha item type (Biblio)
Koha item type Books in Stacks (Lending)
Holdings
Lost status Damaged status Collection code Home library Current library Shelving location Date acquired Full call number Accession Number Item type
    Lending WERC Library WERC Library Social Science Cupboard 03/31/2024 323.23 6688 Books in Stacks (Lending)

© WERC Library